Szczegóły MARC21

Poetyka teoretyczna : zagadnienia języka /

003 -Nazwa inst., której nr kontr. jest w polu 001 [,]
    • @
    • Nazwa instytucji, której n kontrolny jest w polu 001
    • NUKAT
005 -DATA I CZAS OSTATNIEJ MODYFIKACJI [,]
    • @
    • pole kontrolne
    • 20241231093932.0
020 -Międzynarod. znormalizowany nr książki - ISBN [ , ]
    • a
    • Numer ISBN
    • 8304045702 Find
040 -Instytucja sporządzająca opis [ , ]
    • a
    • Instytucja, która sporządziła opis (NP)
    • LUBL KUL/EP
    • c
    • Instytucja, która sporządziła rekord (NP)
    • LUBL KUL/EP
    • d
    • Instytucja, która zmodyfikowała rekord (P)
    • LUBL KUL/JP
    • d
    • Instytucja, która zmodyfikowała rekord (P)
    • LUBL KUL/SKs
    • d
    • Instytucja, która zmodyfikowała rekord (P)
    • GD PAN/AP
    • d
    • Instytucja, która zmodyfikowała rekord (P)
    • OLSZT 003/DS
942 -Rodzaj dokumentu [ , ]
    • c
    • Rodzaj dokumentu
    • Książka
100 -Hasło główne - nazwa osobowa [1, ]
    • a
    • Nazwa osobowa (NP)
    • Mayenowa, Maria Renata
    • d
    • Daty biograficzne (NP)
    • (1908-1988).
    • 9
    • KHW
    • 17968
245 -Strefa tytułu i oznaczenia odpowiedzialności [1,0]
    • a
    • Tytuł
    • Poetyka teoretyczna : Find
    • b
    • Ciąg dalszy tytułu (NP)
    • zagadnienia języka / Find
    • c
    • Pozostałe elementy strefy tytułu i oznaczenia odpowiedzialności (NP)
    • Maria Renata Mayenowa.
250 -Strefa wydania [ , ]
    • a
    • Oznaczenie wydania (NP)
    • Wyd. 3, popr. i uzup.
260 -Strefa adresu wydawniczego [ , ]
    • a
    • Miejsce wydania (P)
    • Wrocław [etc.] :
    • b
    • Nazwa wydawcy (P)
    • Zakład Narodowy im. Ossolińskich - Wydawnictwo,
    • c
    • Data wydania (P)
    • 2000.
300 -Strefa opisu fizycznego [ , ]
    • a
    • Określenie formy książki i/lub objętość (NP)
    • 435, [2] s. :
    • b
    • Oznaczenie ilustracji (NP)
    • il. ;
    • c
    • Format (NP)
    • 25 cm.
336 -Typ zawartości [ , ]
    • a
    • Termin opisujący typ zawartości
    • Tekst
    • b
    • Kod określający zawartość
    • txt
    • 2
    • Źródło (terminu i kodu)
    • rdacontent
337 -Typ mediów [ , ]
    • a
    • Tryb odtwarzania
    • Bez urządzenia pośredniczącego
    • b
    • Kod typu mediów
    • n
    • 2
    • Źródło (terminu i kodu)
    • rdamedia
338 -Typ/rodzaj nośnika [ , ]
    • a
    • Hasło opisujące typ nośnika
    • Wolumin
    • b
    • Kod typu nośnika
    • nc
    • 2
    • Źródło (terminu i kodu)
    • rdacarrier
490 -Strefa serii i książki wielotomowej - forma nie do wyszukiwania [1, ]
    • a
    • Tytuł (P)
    • Vademecum Polonisty Find
830 -Hasło dodatkowe serii i opisu książki wielotomowej - tytuł ujednolicony/tytuł [ ,0]
    • a
    • Tytuł ujednolicony/tytuł (NP)
    • Vademecum Polonisty
    • x
    • ISSN
    • 1896-5970
    • 9
    • KHW
    • 9189
504 -Uwaga dot. bibliogr. załącznikowej [ , ]
    • a
    • Uwaga dot. bibliografii załącznikowej
    • Indeks.
080 -Uniwersalna Klasyfikacja Dziesiętna [ , ]
    • a
    • Symbol klasyfikacji
    • 884.07
080 -Uniwersalna Klasyfikacja Dziesiętna [ , ]
    • a
    • Symbol klasyfikacji
    • :808.4
080 -Uniwersalna Klasyfikacja Dziesiętna [ , ]
    • a
    • Symbol klasyfikacji
    • :808.4-6
650 -Hasło przedmiotowe [ ,7]
    • a
    • Hasło przedmiotowe
    • Analiza dyskursu.
    • 2
    • Źródło terminu
    • kaba
    • 9
    • KHW
    • 101233
650 -Hasło przedmiotowe [ ,7]
    • a
    • Hasło przedmiotowe
    • Poetyka
    • v
    • Określnik formalny
    • podręczniki akademickie.
    • 2
    • Źródło terminu
    • kaba
    • 9
    • KHW
    • 367234
980 -Symbol UKD [ , ]
    • a
    • UKD
    • 884.07:808.4:808.4-6
710 -Hasło dodatkowe - nazwa ciała zbiorowego [2, ]
    • a
    • Nazwa ciała zbiorowego lub nazwa geograficzna jako pierwszy element (NP)
    • Zakład Narodowy im. Ossolińskich.
    • b
    • Nazwa jednostki podrzędnej (P)
    • Wydawnictwo.
    • 4
    • Kod relacji
    • pbl
    • 9
    • KHW
    • 54188
920 -ISBN [ , ]
    • a
    • ISBN
    • 83-04-04570-2 Find
Sygnatura Lokalizacja Data inwentaryzacji Status udost. Numer inwentarzowy
Z.97448BG2001-07-031Z.97448
W.204117BG2001-07-03-5W.204117
W.204117BG2001-07-03-5W.204118
W.204117BG2001-07-03-5W.204119
W.204117BG2001-07-03-5W.204120
W.204117BG2001-07-20-5W.204274
W.204117BG2001-07-20-5W.204275
W.204117BG2001-07-20-5W.204276
W.204117BG2001-07-20-5W.204277
W.204117BG2001-07-20-5W.204278
W.204117BG2001-07-20-5W.204279
POL.Teoria lit. - podręczniki 04BM2001-07-031P.17392